000 00451nam a2200193Ia 4500
008 151119s9999||||xx |||||||||||||| ||und||
082 _a306
082 _bGKKV26689
100 _aडे शोभा
245 _aस्पाऊज
260 _a--
260 _b--
260 _c2006
600 _aडे शोभा
630 _aस्पाऊज
700 _aडे शोभा
730 _aस्पाऊज
942 _cBOOK
999 _c1079157
_d1079154